000 04981cam a22005534i 4500
003 PE-LiUPU
005 20250731183352.0
008 160329s2015 pe ab b 100 0 spa c
020 _a9789972923975
_q(pbk.)
020 _a9972923975
_q(pbk.)
035 _a(Sirsi) i9789972923975
040 _aIQU
_bspa
_erda
_cIQU
_dSTF
_dOCLCO
_dOCLCA
_dNOC
_dOCLCF
_dOCLCO
_dCOO
_dPE-LiUPU
_erda
049 _aPRUA
050 4 _aF3429.3.P47
_bS56 2013
082 4 _a707
_bS5
_220
111 2 _aSimposio Nacional de Arte Rupestre
_n(5th :
_d2013 :
_cLima, Peru)
245 0 0 _aActas de ponencias del V Simposio Nacional de Arte Rupestre :
_bSINAR "Eloy Lináres Málaga" /
_cAlberto Bueno Mendoza, Pieter D. Van Dalen Luna, Yuri Cavero Palomino, Hans Grados Rodríguez y Roy J. Lazo Pérez, editores.
250 _aPrimera edición.
264 1 _aLima :
_bUniversidad Nacional Mayor de San Marcos :
_bMuseo de Arqueología y Antropología de San Marcos,
_c2015.
300 _a395 páginas :
_bilustraciones ;
_c25 centímetros.
336 _text
_2rdacontent
337 _unmediated
_2rdamedia
338 _volume
_2rdacarrier
504 _aBibliografía : págiinas 388-389.
505 0 _a-- El geoglifo espiralado del valle de Huarmey, Perú / Ronal Ayala Castillo -- Las quilchas de la Galgada, secuencia y cronología / Gori Echevarría López y Alberto Bueno Mendoza -- El arte rupestre de Diablo Qaqa, anexo de Cararca, distrito de Cochabamba, Huaycaybamba, Huánuco / Miller Malpartido Gamarra -- Las quilcas de la cuenca de alto Huamuco, amazonía de Huánuco, cuenca del río Huallaga, Cholón / Pieter van Dalen Luna -- Los geologlifos de Acre y Rondônia de la Amazonía brasileña / Alfredo Altamirano Enciso y Odón Rosales Huatuco -- Las quilcas del Morro da Guia, Cabo Frio, Brasil / Alfredo Altamirano Encisco -- Programa eco-educativo Puerta al pasado: quilcas, una forma de acercar el pasado al presente / Maritza Tovar -- La evolución del arte rupestre / José Onofre Mayta.
505 0 _aArquitectura cusco imperial con figuraciones zoomorfas en el complejo arqueológico de Pumaqocha, Vischongo, Ayacucho / Roberto Tello Cuadros -- Arte rupestre en el abrigo de Capillamachay en el antiplano de Junín / Obdulio Chuco Arias -- Arte rupestre en el valle de Chincha: petroglifos en el sitio arqueológico de Baya / Wilber Saucedo Olano -- El arte rupestre de Huaycán de Cieneguilla y la recuperación de la piedra con tacitas del Parque Santa Rosa, valle del río Lurín, Costa Central de Perú / Mario Ramos Vargas -- Cúpulas de la quebrada Quilca, Pacaybamba, Huaral / Pieter van Dalen Luna y Jakeline Romero Rodríguez -- Las cúpulas del complejo arqueológico de Rupac, Huaral / Pieter van Dalen Luna, Miller Malpartida Gamarra y Hans Grado Rodríguez -- Gorgor: primates en el arte rupestre andino / Arturo Ruiz Estrada
505 0 _aUna propuesta para la secuencia de tipos de escritura en la costa central del Perú / Pedro Vargas Nalvarte y Gori Echevarría López -- El precerámico en el valle de Ayacucho / Ismael Pérez Calderoń -- La escritura Inca: orígenes posibles y significados / Gail Silverman -- Reconocimiento de nuevos sitios de arte rupestre en el distrito de Ituata, provincia de Carabaya - Puno: zona suroriental del Perú / Julio Aroquipa -- Los petroglifos de Chillihuay: la imagen antropomofa (del formativo al periodo de integración Wari) / Daniel Chumpitaz Llerena y Maritza Rodríguez Cerrón -- Allwanso, un sitio con pinturas rupestres tardías en Huaquirca, Antabamba, región Apurímac / Pieter van Dalen Luna -- Paisaje, pinturas y formas de vida doméstica en las punas de la cuenca del Pampas, Ayacucho / Ismael Pérez Calderón -- Estudio de artefactos óseos del centro ceremonial formativo de Campanayuq Rumi, Vilcashuamán, Ayacucho / Yuri Cavero, Yuichi Matsumoto y Hilda Bellido --
526 _aP158
526 _aP146
526 _aP17
526 _aP12
526 _aP06
541 _g060-0024019:
600 1 4 _aLináres Málaga, Eloy,
_d1926-2011
_xAniversarios, etc.
650 1 4 _aArte prehistórico
_zPerú
_vCongresos.
650 2 4 _aPinturas rupestres
_zPerú
_vCongresos.
650 2 4 _aPetroglifos
_zPerú
_vCongresos.
650 2 4 _aGeoglifos
_zPerú
_vCongresos.
700 1 _aBueno Mendoza, Alberto,
_eeditor.
700 1 _aCavero Palomino, Yuri Igor,
_eeditor.
700 1 _aDalen Luna, Pieter D. van
_q(Pieter Dennis van),
_d1979-,
_eeditor.
700 1 _aGrados Rodríguez, Hans,
_eeditor.
700 1 _aLazo Pérez, Roy J.,
_eeditor.
942 _2ddc
_cBOOK
949 _a707 S5
_wDEWEY
_c1
_i74455
_lCCODEBUL1
_mBUL
_p16.37
_r0
_sY
_tBOOK
_u2016-8-12
_xINGENIERIA
_PP06
_0COMPRA
_o.STAFF. Colección General
994 _aC0
_bPEPRU
596 _a1
999 _a707 S5
_wDEWEY
_c11866
_i74455
_f2021-11-9
_g7
_lCCODEBUL1
_mBUL
_p16.37
_r0
_sY
_tBOOK
_u2016-8-12
_xINGENIERIA
_PP06
_0COMPRA
_o.STAFF. Colección General
_d11866
980 _81
_gALBERTO SANCHEZ Responsable de Automatización